| 000 | 00674nam a2200205 u 4500 | ||
|---|---|---|---|
| 005 | 20210223132519.0 | ||
| 008 | 141203s2005 r 000 0 eng d | ||
| 020 | _a0439755107 | ||
| 035 | _aUPN01000200983 | ||
| 049 | _aI | ||
| 050 | 4 |
_aPQ7442 S3.5 _bM8.6 |
|
| 100 | 1 |
_aSantiago, Esmeralda, _d1948- _931650 |
|
| 245 | 1 | 4 |
_aUna muñeca para el Día de Reyes / _cEsmeralda Santiago ; il. Enrique O. Sánchez ; tr. Nina Torres-Vidal. |
| 260 |
_aNew York. : _bScholastic, _c2005. |
||
| 300 |
_a[32] p. : _bprincipalmente il. col. |
||
| 650 | 4 |
_aLITERATURA INFANTIL PUERTORRIQUEÑA _923718 |
|
| 650 | 4 |
_aMUÑECAS (JUGUETES) _97399 |
|
| 905 | _aInfantil | ||
| 999 |
_c173084 _d173084 |
||